000 00536cam a2200169 4500
008 090430n 000 0 eng u
020 _a9781599700007
035 _a(Sirsi) a164865
040 _a
050 _aRZC 0162 HUB 2007
100 _aHubbard, L. Ron
110 _a
245 _aThe way to happiness [sound recording] :
_ba common sense guide to better living /
_cL. Ron Hubbard.
260 _aGlendale, CA :
_bWay to Happiness Foundation International,
_c2007.
650 _aConduct of life.
700 _aLaFleur, Art. nrt
999 _c111847
_d111847